Manchester City players since 2000 - Statistics

General Stats
  • This quiz has been taken 109 times
  • The average score is 95 of 234
Answer Stats
Ranking Player Positions Nationality Matches Goals Assists Periods % Correct
6 Bernardo Silva AM 266 43 47 2017-2025
100%
1 David Silva AM 309 60 101 2010-2020
100%
4 Ederson GK 276 0 7 2017-2025
100%
5 Sergio Agüero ST 275 184 48 2011-2021
100%
13 İlkay Gündoğan CM 221 45 24 2016-2022, 2024-2025
99%
3 Kevin De Bruyne AM 285 72 120 2015-2025
99%
22 Gabriel Jesus ST 159 58 31 2016-2022
97%
7 Joe Hart GK 266 0 0 2006-2008, 2010-2016
97%
20 John Stones CB 171 10 2 2016-2025
97%
15 Kyle Walker RB 212 3 18 2017-2025
97%
12 Raheem Sterling RW 225 91 49 2015-2022
97%
102 Alf-Inge Haaland RB 38 3 2 2000-2002
96%
41 Erling Haaland ST 97 85 17 2022-2025
96%
54 Kolo Touré CB 82 2 0 2009-2013
96%
16 Phil Foden RW 192 61 28 2017-2025
96%
24 Riyad Mahrez RW 145 43 37 2018-2023
96%
19 Rodri DM 175 22 22 2019-2025
96%
8 Vincent Kompany CB 265 18 8 2008-2019
96%
10 Yaya Touré CM 230 60 31 2010-2018
96%
224 Alioune Touré RW 1 0 0 2001-2002
95%
30 Edin Džeko ST 130 50 13 2010-2015
95%
25 Rúben Dias CB 144 3 4 2020-2025
93%
21 Aleksandar Kolarov LB 165 11 21 2010-2017
92%
9 Fernandinho DM 264 20 21 2013-2022
91%
49 Nathan Aké CB 89 6 2 2020-2025
91%
65 Julián Alvarez ST 67 20 11 2022-2024
89%
11 Pablo Zabaleta RB 230 9 18 2008-2017
89%
43 Jack Grealish LW 94 12 12 2021-2025
88%
60 Oleksandr Zinchenko LB 76 0 7 2017-2022
88%
72 Jérémy Doku LW 58 6 16 2023-2025
86%
136 ST 21 1 2 2008-2009, 2010-2011
86%
40 João Cancelo RB 98 5 12 2019-2023
86%
48 Leroy Sané RW 90 25 30 2016-2020
86%
53 Manuel Akanji CB 85 2 1 2022-2025
86%
28 Nicolás Otamendi CB 136 8 2 2015-2020
86%
36 Carlos Tevez ST 113 58 25 2009-2013
85%
66 Josko Gvardiol LB 65 9 2 2023-2025
85%
35 Aymeric Laporte CB 121 8 3 2017-2024
84%
70 Mateo Kovacic CM 61 7 2 2023-2025
84%
120 Claudio Bravo GK 29 0 0 2016-2017, 2019-2020
82%
26 Gaël Clichy LB 138 2 11 2011-2017
82%
23 James Milner CM 147 13 24 2010-2015
82%
79 Mario Balotelli ST 54 20 2 2010-2013
82%
34 Jesús Navas RB 123 4 22 2013-2017
78%
33 Samir Nasri AM 129 18 32 2011-2017
78%
68 Fernando DM 64 4 2 2014-2017
74%
73 Rico Lewis RB 58 3 2 2022-2025
74%
98 Robinho LW 41 14 8 2008-2010
74%
130 Stefan Ortega GK 25 0 0 2022-2025
74%
153 Oscar Bobb RW 17 1 1 2023-2025
73%
144 Cole Palmer AM 19 0 1 2021-2024
72%
112 Emmanuel Adebayor ST 34 15 3 2009-2011
72%
58 Martín Demichelis CB 78 3 1 2013-2016
72%
121 Savinho RW 29 1 10 2024-2025
72%
96 Matheus Nunes CM 43 1 8 2023-2025
70%
156 Omar Marmoush ST 16 7 2 2024-2025
70%
86 Benjamin Mendy LB 50 2 9 2017-2022
69%
176 Kasper Schmeichel GK 8 0 0 2007-2009
69%
38 Nigel de Jong DM 104 1 1 2008-2013
69%
119 Peter Schmeichel GK 29 0 0 2002-2003
69%
115 Álvaro Negredo ST 32 9 4 2013-2014
68%
78 Bacary Sagna RB 54 0 4 2014-2017
68%
118 Stevan Jovetić CF 30 8 4 2013-2015
68%
117 Frank Lampard CM 32 6 1 2014-2015
62%
29 Gareth Barry DM 132 6 15 2009-2013
62%
155 Kalvin Phillips DM 16 0 0 2022-2024
62%
75 Eliaquim Mangala CB 57 0 2 2014-2015, 2017-2018
61%
93 Kelechi Iheanacho ST 46 12 4 2015-2017
61%
17 Micah Richards RB 179 6 8 2005-2014
61%
133 Willy Caballero GK 23 0 0 2014-2017
61%
61 Adam Johnson RW 73 11 15 2009-2012
59%
190 Aleix García CM 4 0 0 2016-2017
59%
143 Eric García CB 19 0 0 2019-2021
59%
81 Javi García DM 53 2 0 2012-2014
59%
37 Joleon Lescott CB 107 7 4 2009-2014
59%
218 Manu García AM 1 0 0 2015-2016
59%
214 Tommy Wright GK 1 0 0 2000-2001
59%
183 Abdukodir Khusanov CB 6 0 0 2024-2025
58%
105 Michael Johnson DM 37 2 6 2006-2010
58%
124 Ferran Torres ST 28 9 3 2020-2022
57%
168 Nico González CM 11 1 0 2024-2025
57%
74 Fabian Delph CM 57 4 3 2015-2019
55%
50 Nicolas Anelka ST 89 37 8 2002-2005
54%
146 Nolito LW 19 4 2 2016-2017
54%
88 Shay Given GK 50 0 0 2008-2010
51%
166 Stefan Savic CB 11 1 0 2011-2012
51%
134 Andy Cole ST 22 9 4 2005-2006
50%
113 Bradley Wright-Phillips ST 33 1 0 2004-2006
50%
110 Matija Nastasić CB 34 0 0 2012-2014
50%
14 Shaun Wright-Phillips RW 212 36 23 2000-2004, 2008-2011
50%
106 Wilfried Bony ST 36 6 4 2014-2016
49%
111 Danilo CB 34 4 1 2017-2019
47%
138 Roque Santa Cruz ST 20 3 0 2009-2011
47%
211 Scott Carson GK 1 0 0 2020-2021
47%
186 Brahim Díaz RW 5 0 0 2017-2018
46%
202 Zack Steffen GK 2 0 0 2020-2022
46%
179 George Weah ST 7 1 2 2000-2001
45%
69 Elano AM 62 14 11 2007-2009
43%
2 Richard Dunne CB 296 7 4 2000-2010
43%
27 Stephen Ireland AM 137 16 17 2005-2010
43%
100 Craig Bellamy LW 40 12 11 2008-2010
42%
175 Nico O'Reilly AM 9 2 0 2024-2025
42%
149 Sergio Gómez LW 18 0 2 2022-2024
42%
150 James McAtee AM 18 3 0 2021-2022, 2023-2025
41%
71 Martin Petrov LW 59 9 14 2007-2010
41%
46 David James GK 93 0 0 2003-2006
39%
103 Vedran Corluka CB 38 1 2 2007-2009
38%
154 Jérôme Boateng CB 16 0 0 2010-2011
36%
178 Costel Pantilimon GK 7 0 0 2013-2014
35%
204 Liam Delap ST 2 0 0 2020-2022
35%
123 Patrick Vieira DM 28 3 3 2009-2011
35%
180 Angeliño LB 6 0 0 2019-2020
34%
67 Paulo Wanchope ST 64 27 17 2000-2001, 2003-2004
34%
80 Dietmar Hamann DM 54 0 2 2006-2009
32%
18 Sylvain Distin CB 178 5 0 2002-2007
32%
187 Daniel Van Buyten CB 5 0 0 2003-2004
31%
163 Dedryck Boyata CB 13 0 0 2009-2010, 2013-2015
31%
206 Vitor Reis CB 1 0 0 2024-2025
31%
125 Felipe Caicedo ST 27 4 0 2007-2009
30%
57 Robbie Fowler ST 80 20 5 2002-2006
30%
145 Andreas Isaksson GK 19 0 0 2006-2008
28%
174 Tal Ben Haim CB 9 0 0 2008-2009
28%
234 Claudio Echeverri AM 1 0 0 2024-2025
27%
95 Gelson Fernandes DM 43 3 0 2007-2009
27%
77 Georgios Samaras LW 55 8 6 2005-2008
27%
137 Daniel Sturridge ST 21 5 2 2006-2009
26%
31 Joey Barton CM 130 15 10 2002-2007
26%
173 Maicon RB 9 0 0 2012-2013
26%
161 Scott Sinclair LW 13 0 0 2012-2013, 2014-2015
26%
55 Trevor Sinclair LW 82 5 5 2003-2007
26%
158 Ched Evans ST 16 1 1 2008-2009
24%
203 Lukas Nmecha ST 2 0 0 2017-2018
24%
157 Jack Rodwell CB 16 2 0 2012-2014
23%
108 Marc-Vivien Foé DM 35 9 0 2002-2003
23%
97 Wayne Bridge LB 42 0 0 2008-2011
23%
230 Máximo Perrone DM 1 0 0 2022-2023
22%
132 Benjani ST 23 4 5 2007-2010
20%
148 DaMarcus Beasley LB 18 3 1 2006-2007
20%
39 Darius Vassell ST 103 17 12 2005-2009
20%
42 Nedum Onuoha CB 95 3 3 2004-2009, 2011-2012
20%
213 Owen Hargreaves DM 1 0 0 2011-2012
20%
59 Claudio Reyna CM 77 4 1 2003-2007
19%
127 Emile Mpenza ST 25 5 2 2006-2008
19%
140 Hatem Trabelsi RB 20 1 1 2006-2007
19%
32 Jihai Sun CB 130 3 6 2001-2008
19%
205 Jahmai Simpson-Pusey CB 2 0 0 2024-2025
18%
116 Michael Tarnat LB 32 3 6 2003-2004
18%
94 Paul Dickov ST 44 4 4 2000-2001, 2006-2007
18%
45 Shaun Goater ST 94 41 11 2000-2003
18%
222 Tommy Doyle CM 1 0 0 2019-2020
18%
229 Kayky RW 1 0 0 2021-2022
16%
91 Michael Ball LB 48 0 1 2006-2009
16%
216 Bersant Celina AM 1 0 1 2015-2016
15%
188 David Pizarro CM 5 0 1 2011-2012
15%
142 David Seaman GK 19 0 0 2003-2004
15%
109 Steve McManaman RM 35 0 1 2003-2005
15%
233 Vladimír Weiss LW 1 0 0 2008-2009
15%
159 Albert Riera LM 15 1 0 2005-2006
14%
171 Andrey Kanchelskis RM 10 0 2 2000-2001
14%
129 Bernardo Corradi ST 25 3 3 2006-2007
14%
89 Danny Mills RB 50 1 2 2004-2007
14%
87 Javier Garrido LB 50 2 3 2007-2010
14%
196 Matt Mills CB 3 0 0 2005-2007
14%
141 Rolando Bianchi ST 19 4 1 2007-2008
14%
170 Sylvinho LB 10 0 0 2009-2010
14%
165 Dickson Etuhu DM 12 0 0 2001-2002
12%
76 Eyal Berkovic AM 56 7 6 2001-2004
12%
147 Geovanni AM 19 3 1 2007-2008
12%
212 Karim Rekik CB 1 0 0 2012-2013
12%
172 Kelvin Etuhu DM 10 1 1 2007-2009
12%
99 Kiki Musampa LW 41 3 0 2004-2006
12%
47 Antoine Sibierski AM 92 11 6 2003-2006
11%
92 Ben Thatcher LB 47 0 0 2004-2007
11%
51 Danny Tiatto LB 88 3 8 2000-2004
11%
217 Gunnar Nielsen GK 1 0 0 2009-2010
11%
85 Jon Macken ST 51 7 2 2001-2005
11%
56 Nicky Weaver GK 82 0 0 2000-2001, 2004-2005, 2006-2007
11%
162 Ousmane Dabo DM 13 0 0 2006-2007
11%
215 Patrick Roberts RW 1 0 0 2015-2016
11%
83 Paul Bosvelt DM 53 2 1 2003-2005
11%
231 Divin Mubama ST 1 0 0 2024-2025
9%
177 Djamel Belmadi RM 8 0 0 2002-2003
9%
114 Jeff Whitley DM 33 1 4 2000-2002
9%
126 Lucién Mettomo CB 27 1 0 2001-2003
9%
194 Márton Fülöp GK 3 0 0 2009-2010
9%
184 Nery Castillo RW 6 0 0 2007-2008
9%
84 Niclas Jensen LB 51 2 4 2001-2003
9%
200 Stephen Elliott ST 2 0 0 2003-2004
9%
82 Stephen Jordan CB 53 0 0 2002-2007
9%
160 Willo Flood CM 14 1 0 2004-2006
9%
185 Abdul Razak CM 5 0 0 2010-2013
8%
62 Ali Benarbia AM 71 11 19 2001-2003
8%
90 David Sommeil CB 49 4 1 2002-2006
8%
64 Gerard Wiekens CB 69 2 1 2000-2003
8%
220 Gláuber CB 1 0 0 2008-2009
8%
195 José Pozo AM 3 0 0 2014-2015
8%
227 Sam Williamson LB 1 0 0 2007-2008
8%
232 Shea Charles DM 1 0 0 2022-2023
8%
167 Valeri Bozhinov ST 11 1 1 2007-2009
8%
208 Alex Nimely ST 1 0 0 2009-2010
7%
182 Christian Negouai DM 6 1 0 2001-2002, 2004-2005
7%
52 Kevin Horlock DM 86 9 7 2000-2003
7%
191 Kevin Stuhr-Ellegaard GK 4 0 0 2003-2004
7%
122 Lee Croft RM 28 1 1 2004-2006
7%
198 Leon Mike ST 2 0 0 2001-2002
7%
219 Mikkel Bischoff CB 1 0 0 2002-2003
7%
226 Shay Logan RB 1 0 0 2008-2009
7%
44 Steve Howey CB 94 11 1 2000-2003
7%
101 Stuart Pearce LB 38 3 5 2001-2002
7%
207 Abdisalam Ibrahim CM 1 0 0 2009-2010
5%
193 Andy Morrison CB 3 0 0 2000-2001
5%
104 Carlo Nash GK 38 0 1 2000-2003
5%
197 Chris Killen ST 3 0 0 2001-2002
5%
225 CJ Egan-Riley CB 1 0 0 2021-2022
5%
199 Greg Cunningham CB 2 0 0 2009-2010
5%
152 Ishmael Miller ST 17 0 0 2005-2007
5%
209 Reece Wabara RB 1 0 0 2010-2011
5%
151 Richard Edghill RB 17 0 2 2000-2002
5%
228 Ryan McGivern CB 1 0 0 2010-2011
5%
135 Spencer Prior CB 21 1 0 2000-2001
5%
223 Terry Dunfield CM 1 0 0 2000-2001
5%
189 Chris Shuker RM 5 0 0 2001-2003
4%
221 Danny Allsopp ST 1 0 0 2000-2001
4%
63 Darren Huckerby ST 69 22 13 2000-2003
4%
192 Egil Østenstad ST 4 0 0 2000-2001
4%
169 Ian Bishop CM 10 0 0 2000-2001
4%
131 Laurent Charvet RB 23 0 3 2000-2002
4%
201 Lee Crooks CB 2 0 0 2000-2001
4%
128 Mark Kennedy LM 25 0 6 2000-2001
4%
181 Simon Colosimo CB 6 0 0 2001-2002
4%
164 Tony Grant DM 13 0 0 2000-2002
4%
107 Danny Granville LB 35 1 4 2000-2002
3%
139 Paul Ritchie CB 20 0 0 2000-2002
3%
210 Tyrone Mears RB 1 0 0 2001-2002
3%
No matching quizzes found
Score Distribution
Percent of People with Each Score
Percentile by Number Answered
Your Score History
You have not taken this quiz